| 000 | 00365nam a2200145 a 4500 | ||
|---|---|---|---|
| 001 | 3139 | ||
| 003 | CDMR | ||
| 005 | 20130116135240.0 | ||
| 008 | 130130s1988||||||||||||||||||||||||||||d | ||
| 040 |
_aCDMR _bcat _cCPC GIRONA |
||
| 100 | 1 |
_aSalillas, José Manuel _970 |
|
| 245 | 1 | 0 |
_aPioneros de la radio _cSalillas, José Manuel |
| 260 |
_c1988 _bEd. d'autor |
||
| 942 | _cMON | ||
| 999 |
_c3139 _d3139 |
||